000 00277nam a22001337a 4500
008 170421b xxu||||| |||| 00| 0 eng d
020 _a0471881902
041 _aeng
080 _a573
100 _a11
101 _aSHM
245 _aPHYCOLOGY
_cTRAINOR.F.R
942 _2udc
_cBK
999 _c11457
_d11457